Sum 41 Music Video Sudden Death - Statistics

General Stats
  • This quiz has been taken 45 times
  • The average score is 7 of 16
Answers on the Grid
Answers color-coded by a green-red scale on the quiz's grid according to % correct below.
In Too Deep
Blood In My Eyes
Speak of the Devil
Landmines
Handle This
How the End Begins
With Me
Dopamine
Reason to Believe
Angels With Dirty Faces
A Death in the Family
Rhythms
What We're All About
Fat Lip
No Reason
45 (A Matter of Time)
Breaking the Chain
Summer
Ma Poubelle
Radio Silence
Pain for Pleasure
No Brains
Mr. Amsterdam
Rise Up
Time For You To Go
Never There
Noots
Baby You Dont Wanna Know
Bad Mistake
Thanks for Nothing
Some Say
T.H.T.
 
Answer Stats
Answer % Correct
In Too Deep
100%
Fat Lip
81%
Landmines
69%
Dopamine
65%
With Me
65%
Pain for Pleasure
46%
Some Say
42%
45 (A Matter of Time)
35%
Never There
35%
Rise Up
35%
A Death in the Family
31%
Blood In My Eyes
27%
Radio Silence
23%
What We're All About
19%
Baby You Dont Wanna Know
12%
Handle This
4%
No matching quizzes found
Score Distribution
Percent of People with Each Score
Percentile by Number Answered
Your Score History
You have not taken this quiz